Vista normal Vista MARC

Entrada Topical Term

Número de registros utilizados en: 1

001 - CONTROL NUMBER

  • control field: 3393

003 - CONTROL NUMBER IDENTIFIER

  • control field: OSt

005 - DATE AND TIME OF LATEST TRANSACTION

  • control field: 20200422132609.0

008 - FIXED-LENGTH DATA ELEMENTS

  • fixed length control field: 200422|| aca||aabn | a|a d

040 ## - CATALOGING SOURCE

  • Original cataloging agency: OSt
  • Transcribing agency: OSt

150 ## - HEADING--TOPICAL TERM

  • Topical term or geographic name entry element: Hechos de Paz

670 ## - SOURCE DATA FOUND

  • Source citation: Work cat.: (OSt)6329: Colombia. Presidencia de la República 2972, Hechos de paz V-VI: A la mesa de la negociación /, 1999